| 000 | 00592nam a2200229Ia 4500 | ||
|---|---|---|---|
| 003 | OSt | ||
| 005 | 20220928102239.0 | ||
| 006 | a|||||r|||| 00| 0 | ||
| 007 | ta | ||
| 008 | 220927b |||||||| |||| 00| 0 eng d | ||
| 024 | _a44864 | ||
| 037 | _cTextual | ||
| 040 |
_aSDCL _cSDCL _beng |
||
| 041 |
_2eng _aeng |
||
| 082 | _aO152,1M96:g, K2 | ||
| 100 |
_aBhatnagar Ram Ratan _9397392 |
||
| 245 | 0 | _aNirala. | |
| 260 |
_aM.P. _bSathi Prakashan _c1962 |
||
| 300 |
_a151p _ccm. |
||
| 942 |
_hO152,1M96:g, K2 _cTEXL _2CC |
||
| 999 |
_c713183 _d713183 |
||